000
00297nam a22001337a 4500
999
_c
155276
_d
155276
082
_a
_b
100
_a
Hem Lata Singh
245
_a
Scientific temper and education/
_c
by Hem Lata Singh.
260
_a
_b
Commonwealth,
_c
1990.
300
_a
221p.
650
_a
700
_a
942
_c
BK